[Event "FIDE GP"]
[Site "Moscow RUS"]
[Date "2002.06.02"]
[Round "2.1"]
[White "Ponomariov,R"]
[Black "Beliavsky,A"]
[Result "0-1"]
[WhiteElo "2743"]
[BlackElo "2661"]
[EventDate "2002.06.01"]

1. e4 e5 2. Nf3 Nc6 3. Bb5 a6 4. Ba4 Nf6 5. O-O Be7 6. Re1 b5 7. Bb3 d6 8.
c3 O-O 9. h3 Na5 10. Bc2 c5 11. d4 Nd7 12. Nbd2 exd4 13. cxd4 Nc6 14. d5
Nce5 15. Nxe5 Nxe5 16. f4 Ng6 17. Nf3 f5 18. e5 dxe5 19. fxe5 Bb7 20. d6
Bh4 21. Re2 Bg3 22. b4 c4 23. Qd4 Qd7 24. Bd2 Rae8 25. Rae1 Bxf3 26. gxf3
Re6 27. Kg2 Bxe1 28. Rxe1 Qc6 29. Bc3 Rf7 30. Kf2 Nf8 31. Rg1 Rh6 32. Qe3
Rxh3 33. e6 Nxe6 34. Bxf5 Rxf3+ 35. Qxf3 Qxf3+ 36. Kxf3 Rxf5+ 37. Ke4 g6
38. a4 Kf7 39. axb5 axb5 40. Bd2 Nf8 41. Bg5 Nd7 42. Be7 Ke6 43. Kd4 Rd5+
44. Kc3 Ne5 45. Re1 Kd7 46. Bf8 Rd3+ 47. Kb2 Nc6 48. Rf1 Ke8 49. Rf6 g5 50.
Bh6 c3+ 51. Kc1 Nxb4 52. Bxg5 Rg3 0-1

[Event "FIDE GP"]
[Site "Moscow RUS"]
[Date "2002.06.02"]
[Round "2.1"]
[White "Dreev,A"]
[Black "Smirin,I"]
[Result "0-1"]
[WhiteElo "2677"]
[BlackElo "2685"]
[EventDate "2002.06.01"]

1. d4 Nf6 2. c4 g6 3. Nc3 d5 4. Nf3 Bg7 5. Bf4 O-O 6. Rc1 dxc4 7. e4 Bg4 8.
Bxc4 Nh5 9. Bg5 Nc6 10. Be2 Bxf3 11. Bxf3 Qxd4 12. Bxh5 gxh5 13. Qxh5 Qd3
14. Qe2 Qxe2+ 15. Kxe2 Nd4+ 16. Kf1 e6 17. f3 c5 18. Kf2 Rac8 19. Rhd1 Rc6
20. Be3 f5 21. b3 f4 22. Bd2 c4 23. bxc4 Rxc4 24. Ne2 Ra4 25. Nc3 Ra3 26.
Rb1 b6 27. Rdc1 Be5 28. Kf1 Rd8 29. Be1 Rd7 30. Rd1 Rd6 31. Rd3 Rc6 32.
Rbd1 Nc2 33. Rd8+ Kg7 34. R1d7+ Kh6 35. Nd1 Rxa2 36. Bd2 Rc7 37. Nf2 Rxd7
38. Ng4+ Kg5 39. Rxd7 Bd4 40. g3 Ne3+ 41. Ke2 Nxg4 42. gxf4+ Kg6 43. Rxd4
Nf6 44. Rd6 Kf7 45. Kd3 Ke7 46. Rc6 Kd7 47. Rc1 Ra3+ 48. Bc3 Nh5 49. f5
exf5 50. exf5 Nf4+ 51. Ke4 Ra4+ 52. Ke3 Nd5+ 53. Kf2 Rf4 54. Bd2 Rxf5 55.
Ra1 a5 56. Bxa5 bxa5 57. Rxa5 Ne7 58. Ra6 Rh5 59. Kg3 Rg5+ 60. Kf4 Rh5 61.
Kg3 Ke8 62. h4 Kf7 63. Kg4 Rb5 64. h5 Nd5 65. Ra7+ Ke6 66. Ra6+ Rb6 67. Ra5
h6 68. f4 Nf6+ 69. Kh4 Rb4 70. Re5+ Kf7 71. Kg3 Rd4 72. Ra5 Rd5 73. Ra7+
Ke6 74. Ra6+ Kf5 75. Kh4 Rd4 76. Kh3 Rxf4 77. Ra5+ Ke6 78. Ra6+ Ke7 79.
Ra7+ Nd7 80. Kg3 Rb4 81. Kh3 Ke6 82. Ra6+ Rb6 83. Ra8 Kf5 84. Ra5+ Ne5 85.
Kg3 Rb3+ 86. Kh4 Rb4+ 87. Kg3 Re4 0-1

[Event "FIDE GP"]
[Site "Moscow RUS"]
[Date "2002.06.02"]
[Round "2.1"]
[White "Sutovsky,E"]
[Black "Ivanchuk,V"]
[Result "1/2-1/2"]
[WhiteElo "2660"]
[BlackElo "2711"]
[EventDate "2002.06.01"]

1. e4 e6 2. d4 d5 3. Nc3 Nf6 4. Bg5 dxe4 5. Nxe4 Be7 6. Bxf6 Bxf6 7. Nf3
O-O 8. Bd3 Nd7 9. Qe2 c5 10. O-O-O cxd4 11. h4 Be7 12. Neg5 Nf6 13. Ne5 Qc7
14. g4 Bd6 15. f4 b6 16. Rhf1 Bb7 17. Bc4 Bd5 18. Rxd4 Rac8 19. Bxd5 exd5
20. Qd3 Bxe5 21. fxe5 Qxe5 22. Rdf4 h6 23. Rxf6 hxg5 24. R6f5 Qe4 25. Qxe4
dxe4 26. hxg5 g6 27. R5f4 e3 28. Re1 Rfe8 29. Rf3 Rc5 30. Rexe3 Rxe3 31.
Rxe3 Rxg5 32. Re4 f5 33. gxf5 Rxf5 34. c4 Kf7 35. b4 1/2-1/2

[Event "FIDE GP"]
[Site "Moscow RUS"]
[Date "2002.06.02"]
[Round "2.1"]
[White "Bareev,E"]
[Black "Onischuk,Al"]
[Result "1-0"]
[WhiteElo "2724"]
[BlackElo "2641"]
[EventDate "2002.06.01"]

1. d4 Nf6 2. c4 e6 3. Nc3 Bb4 4. Qc2 O-O 5. a3 Bxc3+ 6. Qxc3 b6 7. Bg5 Bb7
8. f3 h6 9. Bh4 d5 10. e3 Nbd7 11. cxd5 Nxd5 12. Bxd8 Nxc3 13. Bh4 Nd5 14.
Bf2 c5 15. e4 Ne7 16. Ne2 Rfd8 17. O-O-O Nc6 18. dxc5 Nxc5 19. Bxc5 Rxd1+
20. Kxd1 bxc5 21. Nc3 Nd4 22. Bc4 Bc6 23. Kc1 Kf8 24. Re1 Ke7 25. Re3 Rb8
26. Nb1 Bb5 27. Nd2 a5 28. Bxb5 Rxb5 29. Kb1 a4 30. Rc3 Kd6 31. Rc4 Ne2 32.
Kc2 Ra5 33. Kd1 Nf4 34. e5+ Kxe5 35. Re4+ Kf5 36. g4+ Kg5 37. h4+ Kxh4 38.
Rxf4 f6 39. g5+ Kxg5 40. Rg4+ Kf5 41. Rxg7 h5 42. Ke2 Ra8 43. Nc4 Rh8 44.
Kf2 h4 45. Nd6+ 1-0

[Event "FIDE GP"]
[Site "Moscow RUS"]
[Date "2002.06.02"]
[Round "2.1"]
[White "Kasimdzhanov,R"]
[Black "Khalifman,A"]
[Result "1/2-1/2"]
[WhiteElo "2674"]
[BlackElo "2698"]
[EventDate "2002.06.01"]

1. e4 e5 2. Nf3 Nc6 3. Bb5 a6 4. Ba4 Nf6 5. O-O Be7 6. Re1 b5 7. Bb3 O-O 8.
a4 Bb7 9. d3 d6 10. Nbd2 Nd7 11. c3 Nc5 12. axb5 axb5 13. Rxa8 Bxa8 14. Bc2
Ne6 15. Nf1 Ng5 16. Ng3 g6 17. b4 Nxf3+ 18. Qxf3 Bg5 19. Bb3 Bxc1 20. Rxc1
Qg5 21. Ra1 Bb7 22. Nf1 Kg7 23. Bd5 Qf6 24. Qe2 Rb8 25. Ne3 h5 26. h3 Ne7
27. Bxb7 Rxb7 28. Qa2 Qe6 29. Qa8 Qc8 30. Qa6 Rb8 31. Kf1 Qxa6 32. Rxa6 Kf6
33. d4 Ke6 34. d5+ Kd7 35. Ke2 f5 36. f3 fxe4 37. fxe4 Ng8 38. Ra5 Nf6 39.
Kd3 h4 40. Ra1 Nh5 41. Rf1 Nf4+ 42. Kc2 Ra8 43. Kb3 Ke7 44. Rc1 Kd7 45. Rf1
Ke7 46. Rc1 Kd7 1/2-1/2

[Event "FIDE GP"]
[Site "Moscow RUS"]
[Date "2002.06.02"]
[Round "2.1"]
[White "Grischuk,A"]
[Black "Polgar,Ju"]
[Result "1/2-1/2"]
[WhiteElo "2702"]
[BlackElo "2677"]
[EventDate "2002.06.01"]

1. e4 c5 2. Nf3 e6 3. d4 cxd4 4. Nxd4 Nc6 5. Nc3 Qc7 6. Be2 a6 7. O-O Nf6
8. Be3 Bb4 9. Na4 O-O 10. c4 Be7 11. f3 d5 12. exd5 exd5 13. c5 Bd7 14. Rc1
Rae8 15. Nxc6 Bxc6 16. Nc3 Nh5 17. f4 Bf6 18. Bd4 Nxf4 19. Bxf6 gxf6 20.
Qd2 Nxg2 21. Qh6 Re6 22. Rf5 Rfe8 23. Bd3 Ne1 24. Rg5+ 1/2-1/2

[Event "FIDE GP"]
[Site "Moscow RUS"]
[Date "2002.06.02"]
[Round "2.2"]
[White "Beliavsky,A"]
[Black "Ponomariov,R"]
[Result "1-0"]
[WhiteElo "2661"]
[BlackElo "2743"]
[EventDate "2002.06.01"]

1. d4 Nf6 2. c4 g6 3. Nf3 Bg7 4. g3 O-O 5. Bg2 d6 6. O-O Nc6 7. Nc3 Rb8 8.
d5 Na5 9. Nd2 c5 10. Qc2 e6 11. Rb1 exd5 12. Nxd5 Bf5 13. e4 Be6 14. Nb3
Nxb3 15. axb3 Nxd5 16. cxd5 Bd7 17. Bd2 f5 18. Rfe1 fxe4 19. Bxe4 Bd4 20.
Be3 Qf6 21. Bxd4 Qxd4 22. Rbd1 Qf6 23. Re3 Rbe8 24. Rde1 Qd4 25. h4 Kg7 26.
h5 Rf6 27. Bxg6 Rxe3 28. Rxe3 hxg6 29. Re7+ Kh6 30. Rxd7 Qxd5 31. hxg6 Rxg6
32. Qc1+ Rg5 33. Qf4 Qd1+ 34. Kh2 1-0

[Event "FIDE GP"]
[Site "Moscow RUS"]
[Date "2002.06.02"]
[Round "2.2"]
[White "Ivanchuk,V"]
[Black "Sutovsky,E"]
[Result "1-0"]
[WhiteElo "2711"]
[BlackElo "2660"]
[EventDate "2002.06.01"]

1. Nf3 Nf6 2. c4 c5 3. Nc3 d5 4. cxd5 Nxd5 5. e3 Nxc3 6. bxc3 g6 7. Bb5+
Nd7 8. a4 Bg7 9. a5 O-O 10. O-O Ne5 11. d4 Nxf3+ 12. Qxf3 Bd7 13. Qxb7 Bxb5
14. Qxb5 cxd4 15. cxd4 Rb8 16. Qc5 Qd7 17. Ba3 Rfe8 18. Rab1 Rxb1 19. Rxb1
e5 20. d5 Rc8 21. Qd6 Qa4 22. Qa6 Rc3 23. Rb8+ Bf8 24. Rxf8+ Kg7 25. Rxf7+
Kxf7 26. Qxa7+ Kf6 27. Qe7+ 1-0

[Event "FIDE GP"]
[Site "Moscow RUS"]
[Date "2002.06.02"]
[Round "2.2"]
[White "Onischuk,Al"]
[Black "Bareev,E"]
[Result "0-1"]
[WhiteElo "2641"]
[BlackElo "2724"]
[EventDate "2002.06.01"]

1. d4 d5 2. c4 c6 3. Nc3 Nf6 4. Nf3 dxc4 5. a4 Bf5 6. e3 e6 7. Bxc4 Bb4 8.
O-O Nbd7 9. Nh4 Bg6 10. Qb3 a5 11. Na2 Bd6 12. g3 Qb6 13. Nc3 Qxb3 14. Bxb3
Bd3 15. Rd1 Ba6 16. e4 Bb4 17. f3 h6 18. Kf2 Nb6 19. Ng2 O-O 20. Ne3 Rfd8
21. Na2 Be7 22. Bd2 Rxd4 23. Bxa5 Bc5 24. Rxd4 Bxd4 25. Rd1 Bxe3+ 26. Kxe3
Nc4+ 0-1

[Event "FIDE GP"]
[Site "Moscow RUS"]
[Date "2002.06.02"]
[Round "2.2"]
[White "Khalifman,A"]
[Black "Kasimdzhanov,R"]
[Result "1-0"]
[WhiteElo "2698"]
[BlackElo "2674"]
[EventDate "2002.06.01"]

1. d4 Nf6 2. c4 g6 3. Nc3 Bg7 4. e4 d6 5. Be2 O-O 6. Bg5 Na6 7. f4 c6 8.
Nf3 Nc7 9. Bh4 b5 10. e5 Nh5 11. Qd2 bxc4 12. Bxc4 Bg4 13. Ng5 d5 14. Be2
Bxe2 15. Nxe2 f6 16. Nf3 Bh6 17. O-O Ne6 18. g3 Nhg7 19. g4 Ne8 20. Bg3
fxe5 21. Nxe5 Nd6 22. Nxc6 Qd7 23. Ne5 Qb7 24. Nc3 Rac8 25. Rae1 Ne4 26.
Qe3 Rfd8 27. Nf3 Bg7 28. f5 gxf5 29. gxf5 Qxb2 30. Nxd5 Nxg3 31. Qxe6+ Kh8
32. hxg3 Rc2 33. Ne3 Rc3 34. Ne5 1-0

[Event "FIDE GP"]
[Site "Moscow RUS"]
[Date "2002.06.02"]
[Round "2.2"]
[White "Polgar,Ju"]
[Black "Grischuk,A"]
[Result "1/2-1/2"]
[WhiteElo "2677"]
[BlackElo "2702"]
[EventDate "2002.06.01"]

1. e4 e5 2. Nf3 Nc6 3. Bb5 Nf6 4. O-O Nxe4 5. d4 Nd6 6. Bxc6 dxc6 7. dxe5
Nf5 8. Qxd8+ Kxd8 9. Nc3 h6 10. h3 Bd7 11. Ne4 c5 12. g4 Bc6 13. Re1 Ne7
14. e6 fxe6 15. Ne5 Bxe4 16. Nf7+ Kd7 17. Rxe4 Rg8 18. Ne5+ Ke8 19. Nd3 Nc6
20. Be3 b6 21. Rxe6+ Kd7 22. Re4 Bd6 23. Rd1 Rge8 24. Rxe8 Rxe8 25. b3 Nd4
26. c4 Nc2 27. Bc1 Kc6 28. Bb2 g6 29. Kf1 b5 30. cxb5+ Kxb5 31. a4+ Kb6 32.
Bg7 h5 33. Nb2 hxg4 34. hxg4 Re4 35. Nc4+ Kc6 36. f3 Re7 37. Bf6 Re6 38.
Bg5 Nd4 39. Rd3 Re8 40. Bf6 Ne2 41. Be5 Bxe5 42. Kxe2 Bd4+ 43. Kf1 Rh8 44.
Kg2 Re8 45. f4 Re1 46. f5 gxf5 47. gxf5 Kd5 48. Rf3 Rg1+ 49. Kh3 Rg8 50.
Kh4 Ke4 51. Nd2+ Ke5 52. f6 Ke6 53. Ne4 Rf8 54. Ng5+ Kd7 55. Ne4 Ke6 56.
Kg5 Ke5 57. Nf2 Ke6 58. Ng4 Rg8+ 59. Kh4 Rf8 60. Kg5 Rg8+ 61. Kf4 Rf8 62.
Ke4 c6 63. Rf5 Bxf6 64. Rxc5 Kd6 65. Ra5 Bc3 66. Rxa7 Rb8 67. Kd3 Rxb3 68.
Kc4 1/2-1/2

[Event "FIDE GP"]
[Site "Moscow RUS"]
[Date "2002.06.02"]
[Round "2.2"]
[White "Kasparov,G"]
[Black "Lautier,J"]
[Result "1-0"]
[WhiteElo "2838"]
[BlackElo "2675"]
[EventDate "2002.06.01"]

1. e4 c5 2. Nf3 Nc6 3. d4 cxd4 4. Nxd4 e5 5. Nb5 d6 6. N1c3 a6 7. Na3 b5 8.
Nd5 Nge7 9. c4 Nxd5 10. cxd5 Ne7 11. Nc2 Bd7 12. Bd3 g6 13. O-O Bg7 14. Be3
O-O 15. Rc1 f5 16. f3 f4 17. Bf2 g5 18. Nb4 Ng6 19. Be2 h5 20. Kh1 Rf7 21.
a4 bxa4 22. Nxa6 Nf8 23. Rc6 Rf6 24. Qxa4 Rg6 25. Qb4 Qf6 26. Nb8 Rxb8 27.
Qxb8 g4 28. Rc7 gxf3 29. Bxf3 Bg4 30. Qe8 Qg5 31. Rg1 h4 32. h3 Bh5 33.
Qf7+ Kh8 34. Rc8 1-0

[Event "FIDE GP"]
[Site "Moscow RUS"]
[Date "2002.06.02"]
[Round "2.5"]
[White "Polgar,Ju"]
[Black "Grischuk,A"]
[Result "0-1"]
[WhiteElo "2677"]
[BlackElo "2702"]
[EventDate "2002.06.01"]

1. e4 e5 2. Nf3 Nc6 3. Bb5 Nf6 4. d3 Bc5 5. O-O d6 6. h3 O-O 7. Nc3 Nd4 8.
Nxd4 Bxd4 9. Ne2 Bb6 10. Ng3 c6 11. Ba4 Nd7 12. c3 Nc5 13. Bc2 Ne6 14. Kh1
g6 15. Kh2 Qh4 16. Qf3 Bd8 17. Ne2 Bg5 18. d4 Bxc1 19. Raxc1 Ng5 20. Qe3
Ne6 21. f4 exf4 22. Nxf4 Qg5 23. Bb3 h6 24. Rf3 Nxf4 25. Rxf4 Be6 26. Bc2
Rae8 27. Rcf1 f5 28. Qf2 Bc4 29. Bb3 Bxb3 30. axb3 Rf7 31. h4 Qf6 32. g4
Kh7 33. h5 Rg7 34. hxg6+ Qxg6 35. exf5 Qf6 36. Re1 Rge7 37. Rxe7+ Rxe7 38.
Rf3 Re4 39. Kg3 h5 40. Rf4 Re7 41. Qh2 Re3+ 42. Kf2 Qe7 43. Qxh5+ Kg8 44.
Qg6+ Kf8 45. Qh6+ Kg8 46. Qg6+ Kf8 47. f6 Re2+ 48. Kg3 Qe3+ 49. Kh4 Qxf4
50. Qg7+ Ke8 51. Qg8+ Kd7 52. Qf7+ Kc8 53. Qf8+ Kc7 54. Qg7+ Kb6 55. Kh5
Rh2+ 56. Kg6 Qxg4+ 57. Kf7 Qd7+ 58. Kf8 Qd8+ 59. Kf7 Qd7+ 60. Kg6 Rg2+ 0-1